000 01300nam a22002777a 4500
005 20170411154848.0
008 140714b xxu||||| |||| 00| 0 Urdu d
010 _aUR-125 B-548014-017 B-665901
020 _a9789350733264
_c350.00
035 _aU-125 B-548014-017 B-665901
037 _bBPPD/Pub/Ven
037 _bPansy Books(Vend.)/Edu. pub.House(Pub.)
040 _aDPL
_bUrdu
082 _aن
100 _aہيگر ر ا يئڈ ر
245 _aنيل کی سا حر ہ:نا و ل
_cہيگر ر ا يئڈ ر
246 _aNeel ki Sahira(Novel)
_bRider Haggard
260 _aد ھلی
_bا يجو کيشنل پبليشنگ ہا ؤس
_c2014
260 _bPansy Books(Vender)
270 _a3108،و کيل اسٹر يٹ ،کو چہ پنڈ ت ،لال کنو ا ن
_bد ھلی
_e110006
_k23216162،23214465
270 _aR2,/66/A Somesh Vihar,Chhawala
_bNew Delhi
_e110071
_k01125317355
300 _a292ص
_c22Cm (Hb)
942 _2ddc
_cUR
_e
_h ن
_mہ ی گ
999 _c87369
_d87369